Válka a antiválka jak porozumět dnešnímu globálnímu chaosu

Bibliographic Details
Main Authors: Toffler, Alvin 1928- (Author), Toffler, Heidi 1929- (Author)
Other Authors: Blažek, Bohuslav (Translator), Miřejovský, Jan (Translator)
Format: Book
Language:Czech
English
PhysicalDescription:303 s. 21 cm
Published: Praha Dokořán Argo 2002
ISBN:8086569160
8072034456
Edition:1. vyd.
Series:Aliter
Subjects:

MARC

LEADER 00000cam a2200000 a 4500
001 vtls001464047
003 SK-MaSNL
005 20260302002511.0
008 240314s2002 xr g 00000 cze
020 |a 8086569160 
020 |a 8072034456 
035 |a SNK000419352 
040 |a SNK  |b slo  |c SNK  |e AACR2 
041 1 |a cze  |h eng 
044 |a xr  |c CZ 
072 7 |a 355/359  |x Vojenstvo. Obrana krajiny. Ozbrojené sily  |2 konspekt 
080 |a 355/359  |2 1981 
080 |a 33  |2 1981 
080 |a 355.01  |2 1981 
080 |a 355.48  |2 1981 
080 |a 316.422  |2 1981 
080 |a (048.8)  |2 1981 
100 1 |a Toffler, Alvin  |d 1928-  |4 aut  |9 586815 
240 1 0 |a War and anti-war  |l Česky 
245 1 0 |a Válka a antiválka  |b jak porozumět dnešnímu globálnímu chaosu  |c Alvin Toffler, Heidi Tofflerová ; přeložili Bohuslav Blažek a Jan Miřejovský 
250 |a 1. vyd. 
260 |a Praha  |b Dokořán  |b Argo  |c 2002 
300 |a 303 s.  |c 21 cm 
490 1 |a Aliter 
650 0 7 |a vojenstvo  |x ekonomické aspekty  |2 SNKPH  |9 639934 
650 0 7 |a sociológia vojny  |2 SNKPH  |9 68510 
650 0 7 |a vojny  |2 SNKPH  |9 4454 
650 0 7 |a ozbrojené konflikty  |2 SNKPH  |9 4455 
650 0 7 |a globalizácia  |2 SNKPH  |9 3615 
655 7 |a štúdie  |2 SNKPH  |9 57033 
700 1 |a Toffler, Heidi  |d 1929-  |4 aut  |9 586816 
700 1 |a Blažek, Bohuslav  |4 trl  |9 290350 
700 1 |a Miřejovský, Jan  |4 trl  |9 281416 
830 0 |a Aliter  |9 306575 
919 |a 80-86569-16-0 
919 |a 80-7203-445-6 
958 |a OP 
958 |a CZ 
999 |c 988346  |d 990276 
952 |t snkTOF 355.48  |a SNKUST  |b SNKUST  |y PREZ  |7 0  |p 17A0404724  |o snkIC 130944   |i snkK 740/2003  |g 15.30  |0 0  |1 0  |4 0  |d 2003-11-26  |l 0  |r 2025-03-20 00:00:00  |w 2026-02-24